| 000 | 01879 a2200301 4500 | ||
|---|---|---|---|
| 003 | Nust | ||
| 005 | 20221129143039.0 | ||
| 010 | _a 2003054060 | ||
| 020 | _a0072320990 | ||
| 040 | _cNust | ||
| 082 | 0 | 0 | _a621.3815,JAE |
| 100 | 1 |
_aJaeger, Richard C. _955586 |
|
| 245 | 1 | 0 |
_aMicroelectronic circuit design / (Include CD) _cRichard C. Jaeger, Travis N. Blalock. |
| 250 | _a2nd ed. | ||
| 260 |
_aDubuque, Iowa : _bMcGraw-Hill, _c2003. |
||
| 300 |
_axxv, 1506 p. : _bill. (some col.) ; _c27 cm.+ _e1CD-ROM (4 3/4 in.) |
||
| 490 | 1 | _aMcGraw-Hill electronics and VLSI circuits series | |
| 505 | _aIntroduction To Electronics (Page-1), Solid-State Electronics (Page-45), Solid-State Diodes And Diode Circuits (Page-80), Field Effect Transistors (Page-176), Bipolar Junction Transistors (Page-274), Introduction To Digital Electronics (Page-359), Complementary MOS Logic Design (Page-462), MOS Memory And Storage Circuits (Page-515), Bipolar Logic Circuits (Page-563), Analog Systems (Page-649), Operational Amplifiers (Page-705), Operational Amplifier Applications (Page-800), Small-Signal Modeling And Linear Amplification (Page-871), Single Transistor Amplifiers (Page-968), Multistate Amplifiers (Page-1065), Analog Integrated Circuits (Page-1178), Frequency Response (Page-1074), Feedback, Stability And Oscillators (Page-1382). | ||
| 650 | 0 | _aElectronic circuit design. | |
| 650 | 0 |
_aIntegrated circuits _xDesign and construction. _935781 |
|
| 650 | 0 | _aTelecommunication engineering | |
| 651 |
_a(Include CD) _98953 |
||
| 700 | 1 |
_aBlalock, Travis N. _9103783 |
|
| 830 | 0 |
_aMcGraw-Hill series in electrical and computer engineering. _934577 |
|
| 856 | 4 | 2 |
_3Publisher description _uhttp://www.loc.gov/catdir/enhancements/fy0702/2003054060-d.html |
| 856 | 4 | 2 |
_3Table of contents only _uhttp://www.loc.gov/catdir/enhancements/fy0702/2003054060-t.html |
| 942 |
_2ddc _cBK |
||
| 999 |
_c182065 _d182065 |
||